Văn hóa dân gian xứ Nghệ T.4 Hát phường vải và chèo tuồng cổ T.4 Hát phường vải và chèo tuồng cổ

Enregistré dans:
Détails bibliographiques
Auteur principal: Ninh, Viết Giao
Format: Livre
Langue:Vietnamese
Publié: H. Văn hóa thông tin 2012
Sujets:
Tags: Ajouter un tag
Pas de tags, Soyez le premier à ajouter un tag!
Thư viện lưu trữ: Trung tâm Học liệu Lê Vũ Hùng, Trường Đại học Đồng Tháp
LEADER 00931aam a22002418a 4500
001 00029456
005 20171026081022.0
008 120808s2012 ||||||viesd
020 # # |a 9786045001073 
041 0 # |a vie 
082 1 4 |a 781.62  |b V115H 
100 1 # |a Ninh, Viết Giao 
245 1 0 |n T.4  |p Hát phường vải và chèo tuồng cổ  |a Văn hóa dân gian xứ Nghệ  |b T.4 Hát phường vải và chèo tuồng cổ  |c Ninh Viết Giao 
260 # # |a H.  |b Văn hóa thông tin  |c 2012 
300 # # |a 842 tr.  |c 21 cm. 
500 # # |a ĐTTS ghi: Hội Văn nghệ dân gian Việt Nam 
650 # 4 |a Âm nhạc dân gian  |z Việt Nam  |z Xứ Nghệ 
653 # # |a Chèo 
653 # # |a Hát phường vải 
852 # # |j KD.0013785 
852 # # |j KD.0013785  |b Kho đọc 
910 0 # |d 14/8/2012  |a kchi 
980 # # |a Trung tâm Học liệu Lê Vũ Hùng, Trường Đại học Đồng Tháp